Los valores de la ciencia y el papel de la ética en la ciencia /
El autor sostiene que es muy importante vincular las cuestiones acerca del papel de la ética en la ciencia con las cuestiones de los valores incorporados en las prácticas científicas.
Uloženo v:
| Hlavní autor: | |
|---|---|
| Médium: | Text |
| Témata: | |
| Tagy: |
Přidat tag
Žádné tagy, Buďte první, kdo vytvoří štítek k tomuto záznamu!
|
MARC
| LEADER | 00000 a a2200000 04500 | ||
|---|---|---|---|
| 001 | 41615 | ||
| 003 | |||
| 040 | |||
| 100 | |a Lacey, Hugh | ||
| 245 | |a Los valores de la ciencia y el papel de la ética en la ciencia / |c Hugh Lacey | ||
| 520 | |a El autor sostiene que es muy importante vincular las cuestiones acerca del papel de la ética en la ciencia con las cuestiones de los valores incorporados en las prácticas científicas. | ||
| 650 | |a CIENCIA/ | ||
| 650 | |a ETICA/ | ||
| 650 | |a VALORES SOCIALES | ||
| 773 | |g número116 (2008), págnas 241-246 | ||
| 999 | |c 21225 |d 21225 | ||
